Starting & Running a Business: All in One (Record no. 4865)

MARC details
005 - DATE AND TIME OF LATEST TRANSACTION
control field 20250624131141.0
020 ## - INTERNATIONAL STANDARD BOOK NUMBER
International Standard Book Number 978-1-119-15215-6
082 ## - DEWEY DECIMAL CLASSIFICATION NUMBER
Classification number 653.11 BAR
100 ## - MAIN ENTRY--PERSONAL NAME
Author name BARROW, C
245 ## - TITLE STATEMENT
Title Starting & Running a Business: All in One
250 ## - EDITION STATEMENT
Edition statement 3rd Ed.
260 ## - PUBLICATION, DISTRIBUTION, ETC.
Place of publication, distribution, etc. West Sussex
Name of publisher, distributor, etc. John Wiley & Sons Ltd.
Date of publication, distribution, etc. 2017.
300 ## - PHYSICAL DESCRIPTION
Extent xxii, 659p.
Other physical details Index
Dimensions 23cm
700 ## - ADDED ENTRY--PERSONAL NAME
Other authors/Editors Paul Barrow
700 ## - ADDED ENTRY--PERSONAL NAME
Other authors/Editors Greg Brooks
700 ## - ADDED ENTRY--PERSONAL NAME
Other authors/Editors Ben Carter
700 ## - ADDED ENTRY--PERSONAL NAME
Other authors/Editors Frank Catalano
942 ## - ADDED ENTRY ELEMENTS (KOHA)
Source of classification or shelving scheme Dewey Decimal Classification
Koha item type Books
Holdings
Date last seen Total checkouts Full call number Barcode Cost, replacement price Price effective from Koha item type Lost status Source of classification or shelving scheme Damaged status Not for loan Withdrawn status Home library Current library Shelving location Date acquired Source of acquisition Cost, normal purchase price
06/24/2025   653.11 BAR MZA0001890 690000.00 06/24/2025 Books   Dewey Decimal Classification       CBE Mwanza CBE Mwanza Special Reserve Collection 07/09/2024 Library Budget 230000.00
07/08/2025   653.11 BAR MZA0003093 690000.00 06/24/2025 Books   Dewey Decimal Classification       CBE Mwanza CBE Mwanza Special Reserve Collection 07/09/2025 Library Budget 230000.00